| 000 | 00352 a2200157 4500 | ||
|---|---|---|---|
| 001 | 74956 | ||
| 020 | _a857505107-5 | ||
| 040 | _cAnchieta - Colégio São Paulo | ||
| 100 | _aDrummond, Kátia | ||
| 240 | 1 | 0 |
_aExércitos de Anjos _lpor |
| 245 | 1 | 0 | _aExércitos de Anjos |
| 300 | _a132 | ||
| 362 | 0 | _a2005 | |
| 650 | 4 | _aPoesia brasileira | |
| 942 | _cBK | ||
| 999 |
_c74956 _d74956 |
||